| 000 | 01012nam a22002295i 4500 | ||
|---|---|---|---|
| 001 | 157395 | ||
| 003 | ES-MaACL | ||
| 005 | 20250825231951.0 | ||
| 008 | 970417s1893 sp |||| | spa d | ||
| 040 |
_aCYL _bspa _cCYL |
||
| 100 | 1 |
_aLecea y García, Carlos de ( _d1835-1919) _9144318 |
|
| 245 | 1 | 3 |
_aLa Comunidad y Tierra de Segovia _b: estudio histórico-legal acerca de su origen, extensión, propiedades, derechos y estado presente / _cpor Carlos Lecea y García. |
| 260 |
_aSegovia : _b[Publicado por el Ayuntamiento de Segovia y la Junta de su Comunidad], _c1893 ( _fEstablec. Tipogr. de Ondero) |
||
| 300 |
_a460 p. ; _c21 cm. |
||
| 596 | 1 | _aMención de ed. tomado de tapa final. | |
| 610 | 2 | 4 |
_aComunidad y Tierra de Segovia- _vHistoria. _9157663 |
| 650 | 4 |
_aBienes comunales- _zSegovia (Provincia)- _vHistoria. _9157664 |
|
| 650 | 7 |
_aPropiedad rústica- _zSegovia (Provincia) _2 _9157665 |
|
| 651 | 4 |
_aSegovia- _xHistoria. _9137359 |
|
| 852 |
_aES-MaACL _jD-385 _z-- Rúst. |
||
| 999 |
_c157395 _d157395 |
||